Diccionario geográfico universal pintoresco de las cinco partes del mundo : precedido de algunas nociones de geografía : redactado en vista de los mas recientes y acreditados diccionarios y de las mejores obras geográficas que se han publicado ... precedido de algunas nociones de geografía :
Descripción Física:
2 v. : il., grav. ; 25 cm
MARC
| LEADER | 00000nam a2200000Ia 4500 | ||
|---|---|---|---|
| 001 | 14615, 14616 | ||
| 008 | 160829s1844 - 1845 xx 000 0 cat d | ||
| 080 | |a H-2-184, H-2-185 | ||
| 245 | |a Diccionario geográfico universal pintoresco de las cinco partes del mundo : |b precedido de algunas nociones de geografía : |b redactado en vista de los mas recientes y acreditados diccionarios y de las mejores obras geográficas que se han publicado ... | ||
| 260 | |a Barcelona : |b Impr. de la Viuda de Mayol, |c 1844 - 1845 | ||
| 300 | |a 2 v. : |b il., grav. ; |c 25 cm | ||
| 590 | |a Conté: v. 1: A-J; v. 2: K-Z | ||
| 650 | |a Geografia |x Diccionaris |x Castellà |9 37744 | ||
| 650 | |a Diccionaris geogràfics |9 30166 | ||
| 901 | |a Arxiu | ||
| 942 | |n 1 | ||
| 952 | |0 0 |1 0 |4 0 |6 H2184_H2185 |7 1 |9 45303 |a Arxiu |b Arxiu |d 2016-12-01 |l 0 |o H-2-184, H-2-185 |p 14615, 14616 |r 2016-12-01 00:00:00 |w 2016-12-01 |y ARXIU | ||
| 999 | |c 48377 |d 48377 | ||